000 00297nam a2200109Ia 4500
008 230724s1999 xx und d
041 _aeng
100 _aROBINETTE G.
245 _aLANDSCAPE PLANNING FOR ENERGY CONSERVATION.
260 _bVAN NOSTRAND REINHOLD COMPANY LTD
_c1999
300 _a224
999 _c1171668
_d1171668